1133 1540 1635 1935 1087 1004 1294 1349 1656 1203 1882 1694 1906 1846 1431 1477 1935 1045 1316 1083 1978 1492 1844 1513 1831 1467 1188 1137 1696 1655 1054 1691 1148 1558 1716 1868 1728 1965 1201 1071 1193 1744 1701 1477 1864 1522 1263 1907 1950 1876 1105 1358 1104 1405 1801 1337 1015 1376 1962 1112 1985 1744 1848 1660 1115 1462 1279 1053 1143 1689 1935 1938 1106 1667 1167 1894 1413 1400 1288 1057 1594 1625 1341 1256 1136 1428 1971 1021 1680 1145 1467 2000 1677 1141 1458 1368 1719 1926 1671 BCNSPRNW ULIB Ver.6.0+V

เปลี่ยนเป็นภาษาไทย

Change to English
 แสดงรายละเอียดบรรณานุกรม
  กลับหน้าหลัก

Brief Record : Get Marc (ISO 2709) : E-mail record : QR code < ปิดหน้าต่าง
LEADER : 00000nam 2200000uu 4500
001    13399122792
003     ULIB
008    130926s2555||||th 000 0 tha d
020    ^a9786163054883
060  4 ^aWS113^bพ713พ
100    ^aพิภพ จิรภิญโญ
245    ^aคัมภีร์เลี้ยงลูกให้เก่งและดี ดีกรีฮาร์วาร์ด :^bพื้นฐานในการเลี้ยงลูกให้เก่งและดี /^cพิภพ จิรภิญโญ
246 21 ^aพื้นฐานในการเลี้ยงลูกให้เก่งและดี
250    ^aพิมพ์ครั้งที่ 1
260    ^aกรุงเทพฯ^bอมรินทร์,^c2555
300    ^a163 หน้า
500    ^aหนังสือชุด คัมภีร์เลี้ยงลูกให้เก่งและดี ดีกรีฮาร์วาร์ด มี 4 เล่ม คือพื้นฐานในการเลี้ยงลูกให้เก่งและดี,Lovely DNA สายพันธุ์แห่งรัก,เลี้ยงลูกผ่าน E-mail,สายพันธุ์แห่งรักในฮาร์วาร์ด
650  7 ^aเลี้ยงลูก
650  0 เด็ก^xการดูแล
710 1  ^aมหาวิทยาลัยมหิดล.^bคณะแพทยศาสตร์ศิริราชพยาบาล.^bภาควิชากุมารเวชศาสตร์
945    ^p140^l0^i034021
999    ^aเกษร โพธิ์สุวรรณ
รายการนี้ยังไม่มีแท็ก
คุณยังไม่ได้ล็อกอิน คุณสามารถมีกิจกรรมร่วมกับเว็บไซต์ได้ แต่ต้องล็อกอินก่อน ::
  ล็อกอิน

รายการสื่อสารสนเทศ

ลำดับที่ ประเภท เลขเรียก/บาร์โค้ด สถานที่ สถานะ
1. วิทยาศาสตร์การแพทย์ และสุขภาพ
หนังสือสำรอง
สถานะ=หนังสือสำรอง
WS113 พ713พ ฉ.1 
  Barcode: 034021
ห้องสมุดวิทยาเขตสวรรค์ประชารักษ์
►ส่วนจัดเก็บหนังสือเก่า สปร
บนชั้น
  ขอยืม

รายการใกล้เคียง
    ผู้แต่ง [พิภพ จิรภิญโญ]

    หัวเรื่อง [เลี้ยงลูก]
    หัวเรื่อง [เด็ก การดูแล]

BibComment


ยังไม่เคยถูกคอมเมนท์

คอมเมนท์ทรัพยากรรายการนี้
  คอมเมนท์: คัมภีร์เลี้ยงลูก..


 Copyright 2026. Bcnsprnw @Library